<?xml version="1.0" encoding="UTF-8"?>
<collection xmlns="http://www.loc.gov/MARC21/slim">
  <record>
    <leader>00000nam  2200000   4500</leader>
    <controlfield tag="001">INLIS000000000013204</controlfield>
    <controlfield tag="005">20220809090724</controlfield>
    <datafield tag="035" ind1="#" ind2="#">
      <subfield code="a">0010-0822000005</subfield>
    </datafield>
    <datafield tag="245" ind1="1" ind2="#">
      <subfield code="a">Tanah Datar Menuju Destinasi Wisata Utama di Indonesia (Melalui Model Sinergi Sakato) Sekretaris Daerah Pemerintah Kabupaten Tanah Datar /</subfield>
      <subfield code="c">Irwandi, S.IP., M.Si.</subfield>
    </datafield>
    <datafield tag="100" ind1=" " ind2="#">
      <subfield code="a">IRWANDI</subfield>
    </datafield>
    <datafield tag="250" ind1="#" ind2="#">
      <subfield code="a">1</subfield>
    </datafield>
    <datafield tag="300" ind1="#" ind2="#">
      <subfield code="a">38 halaman :</subfield>
      <subfield code="b">ilustrasi ;</subfield>
      <subfield code="c">30 cm</subfield>
    </datafield>
    <datafield tag="260" ind1="#" ind2="#">
      <subfield code="a">Samarinda :</subfield>
      <subfield code="b">Puslatbang KDOD,</subfield>
      <subfield code="c">2020</subfield>
    </datafield>
    <datafield tag="084" ind1="#" ind2="#">
      <subfield code="a">PKN 290 2020</subfield>
    </datafield>
    <datafield tag="650" ind1="#" ind2="4">
      <subfield code="a">Proyek Perubahan</subfield>
    </datafield>
    <datafield tag="650" ind1="#" ind2="4">
      <subfield code="a">Kepemimpinan Nasional Tingkat II</subfield>
    </datafield>
    <datafield tag="650" ind1="#" ind2="4">
      <subfield code="a">sistem informasi</subfield>
    </datafield>
    <datafield tag="650" ind1="#" ind2="4">
      <subfield code="a">inovasi pemerintah</subfield>
    </datafield>
    <datafield tag="650" ind1="#" ind2="4">
      <subfield code="a">layanan pariwisata</subfield>
    </datafield>
    <datafield tag="650" ind1="#" ind2="4">
      <subfield code="a">pengelolaan objek wisata</subfield>
    </datafield>
    <datafield tag="650" ind1="#" ind2="4">
      <subfield code="a">strategi kinerja</subfield>
    </datafield>
    <datafield tag="520" ind1="#" ind2="#">
      <subfield code="a">Laporan proyek perubahan ini didorong masih belum jelasnya pola atau model pengelolaan pariwisata di daerah yang mengakibatkan tumpang tindihnya dan  tarik menarik kepentingan pengelolaan pariwisata di daerah Kabupaten Tanah Datar. Proyek Tanah Datar Menuju Desitnasi Wisata Utama di Indonesia (Melalui Model Sinergi Sakato) adalah strategi pengelolaan objek wisata untuk mendorong keterlibatan stakeholder yang meningkatkan efektifitas dan efisiensi pengelolaan pariwisata dengan peningkatan investasi dan menghemat biaya pemerintah Kabupaten Tanah Datar dalam pembangunan pariwisata.</subfield>
    </datafield>
    <datafield tag="990" ind1="#" ind2="#">
      <subfield code="a">PKN/290/2020</subfield>
    </datafield>
  </record>
</collection>
